[Event "Warsaw YMCA Spring-C 215th"]
[Site "Warsaw"]
[Date "2019.05.15"]
[Round "6"]
[White "Kwiek, Janusz"]
[Black "Wiktorowski, Janusz"]
[Result "0-1"]
[WhiteElo "1446"]
[BlackElo "1378"]
[PlyCount "68"]
[EventDate "2019.04.10"]
[EventType "tourn"]
[EventRounds "11"]
[EventCountry "POL"]
[SourceTitle "CBM 195 Extra"]
[Source "ChessBase"]
[SourceDate "2020.05.31"]
[SourceVersion "1"]
[SourceVersionDate "2020.05.31"]
[SourceQuality "1"]

1. Nf3 d5 2. d4 e6 3. c4 Nf6 4. Nc3 Bd6 5. c5 Be7 6. Bf4 Nh5 7. Bd2 0-0 8. e3 f5 9. Ne5 Nf6 10. Bb5 c6 11. Be2 Nbd7 12. f4 Nxe5 13. fxe5 Ne4 14. 0-0 Bh4 15. Nxe4 dxe4 16. g3 Bg5 17. Qb3 Kh8 18. a4 a6 19. a5 Qe7 20. Bc4 Bd7 21. Ra4 Rad8 22. Rb4 Bc8 23. Kg2 h5 24. h4 Bh6 25. Rf2 g5 26. hxg5 Bxg5 27. Qd1 Rf7 28. Qxh5+ Rh7 29. Qe2 Qg7 30. Kg1 Rg8 31. Rg2 Qh6 32. Qf2 Bh4 33. Qf1 Rxg3 34. Rxg3 Bxg3 0-1

[Event "Warsaw YMCA Winter-C 211st"]
[Site "Warsaw"]
[Date "2019.03.27"]
[Round "13"]
[White "Szumigaj, Marcin"]
[Black "Kwiek, Janusz"]
[Result "1-0"]
[WhiteElo "1418"]
[BlackElo "1538"]
[PlyCount "101"]
[EventDate "2019.01.09"]
[EventType "tourn"]
[EventRounds "13"]
[EventCountry "POL"]
[SourceTitle "EXT 2021"]
[Source "ChessBase"]
[SourceDate "2020.10.23"]
[SourceVersion "1"]
[SourceVersionDate "2020.10.23"]
[SourceQuality "1"]

1. e4 c5 2. Nf3 d6 3. d4 cxd4 4. Nxd4 Nf6 5. f3 Nc6 6. c4 g6 7. Nc3 Bg7 8. Be3 Bd7 9. Be2 0-0 10. 0-0 Nxd4 11. Bxd4 Bc6 12. Qd2 Nd7 13. b3 Bxd4+ 14. Qxd4 Qb6 15. Qxb6 Nxb6 16. Rac1 Rad8 17. Rfd1 f5 18. exf5 Rxf5 19. Rd2 Rdf8 20. Rcd1 Nd7 21. Bd3 Rg5 22. Be4 Nc5 23. Bd5+ Bxd5 24. Rxd5 Rxd5 25. Rxd5 Kf7 26. Kf2 Ke6 27. Ke3 Rf5 28. g4 Re5+ 29. Rxe5+ Kxe5 30. Nd5 Ke6 31. h4 a6 32. h5 Nd7 33. hxg6 hxg6 34. f4 Nf6 35. Nxf6 Kxf6 36. Ke4 e6 37. b4 g5 38. a4 b6 39. a5 bxa5 40. fxg5+ Kxg5 41. b5 axb5 42. cxb5 a4 43. Kd3 e5 44. b6 e4+ 45. Kc2 e3 46. b7 Kxg4 47. b8Q d5 48. Qg8+ Kf3 49. Qxd5+ Kf2 50. Qd4 Kf3 51. Kd3 1-0

[Event "Warsaw YMCA Winter-C 211st"]
[Site "Warsaw"]
[Date "2019.02.27"]
[Round "9"]
[White "Derylo, Adam"]
[Black "Kwiek, Janusz"]
[Result "1-0"]
[WhiteElo "1352"]
[BlackElo "1538"]
[PlyCount "139"]
[EventDate "2019.01.09"]
[EventType "tourn"]
[EventRounds "13"]
[EventCountry "POL"]
[SourceTitle "EXT 2021"]
[Source "ChessBase"]
[SourceDate "2020.10.23"]
[SourceVersion "1"]
[SourceVersionDate "2020.10.23"]
[SourceQuality "1"]

1. e4 c5 2. Nf3 d6 3. d4 cxd4 4. Nxd4 Nf6 5. Nc3 a6 6. g3 e5 7. Nb3 Be7 8. Bg2 0-0 9. 0-0 Nc6 10. a4 b6 11. Re1 Bb7 12. Nd2 Rc8 13. Nf1 Qd7 14. Ne3 Nd4 15. Ncd5 Nxd5 16. exd5 Rc7 17. c3 Nf5 18. Qh5 g6 19. Qe2 Ng7 20. Nc4 b5 21. Na5 Ba8 22. Be3 Bd8 23. axb5 Qxb5 24. Qxb5 axb5 25. Nc4 Be7 26. Nd2 f5 27. Ra5 Rb7 28. Rea1 Rbb8 29. Ba7 Rb7 30. Bf1 Bd8 31. Rxb5 Rxb5 32. Bxb5 Bxd5 33. Ra6 Bc7 34. Bc6 Bxc6 35. Rxc6 Ne6 36. Nc4 Rd8 37. Nxe5 dxe5 38. Rxe6 Kf7 39. Rc6 Rd7 40. b4 f4 41. Kf1 Ke7 42. Ke2 Kd8 43. c4 g5 44. b5 e4 45. c5 Ba5 46. Bb6+ Bxb6 47. Rxb6 Kc8 48. Re6 fxg3 49. hxg3 Rd5 50. Rc6+ Kb7 51. Ke3 Rf5 52. Kxe4 Rxf2 53. Rh6 Rf7 54. Kd5 Rd7+ 55. Kc4 Re7 56. Kd5 Rd7+ 57. Ke6 Rc7 58. Kd6 Rg7 59. Re6 h5 60. Rh6 h4 61. gxh4 gxh4 62. Rxh4 Rg6+ 63. Kd5 Rg5+ 64. Kc4 Rg7 65. Rh6 Rg4+ 66. Kd5 Rg5+ 67. Kd6 Rg7 68. Re6 Kc8 69. Re8+ Kb7 70. Re7+ 1-0

[Event "Warsaw YMCA Autumn-C 207th"]
[Site "Warsaw"]
[Date "2018.12.05"]
[Round "12"]
[White "Kwiek, Janusz"]
[Black "Janeczko, Jakub"]
[Result "1/2-1/2"]
[WhiteElo "1590"]
[BlackElo "1532"]
[PlyCount "79"]
[EventDate "2018.09.18"]
[EventType "tourn"]
[EventRounds "13"]
[EventCountry "POL"]
[SourceTitle "EXT 2021"]
[Source "ChessBase"]
[SourceDate "2020.10.23"]
[SourceVersion "1"]
[SourceVersionDate "2020.10.23"]
[SourceQuality "1"]

1. Nf3 c5 2. c4 g6 3. Nc3 Bg7 4. d4 cxd4 5. Nxd4 Nc6 6. e3 Nf6 7. Be2 0-0 8. 0-0 a6 9. Rb1 d5 10. Nxc6 bxc6 11. cxd5 cxd5 12. Bd2 Bf5 13. Rc1 Rb8 14. b3 Qd6 15. Bf3 Bd3 16. Be2 Bf5 17. Bf3 Rfd8 18. Qe2 e5 19. g3 d4 20. exd4 exd4 21. Bf4 Qd7 22. Na4 d3 23. Qd2 Be4 24. Bxe4 Nxe4 25. Qe3 Rb4 26. Nc5 Nxc5 27. Qxc5 Rxf4 28. gxf4 Qg4+ 29. Kh1 Qf3+ 30. Kg1 Qg4+ 31. Kh1 Qf3+ 32. Kg1 d2 33. Rcd1 Bd4 34. Qc2 Bc3 35. Rb1 Qg4+ 36. Kh1 Qf3+ 37. Kg1 Qg4+ 38. Kh1 Qf3+ 39. Kg1 Qg4+ 40. Kh1 1/2-1/2